000 00386nam a2200157Ia 4500
003 OSt
008 191201s2003 xx 000 0 und d
082 _a025.431
_bDED
100 _aDEWEY, Melvil
245 0 _aDewey Decimal Classification and Relative Index
250 _a22th
260 _aNew Delhi
_bDulbin, Ohio
_c2003
300 _a928
650 _aGeneral Books
942 _2ddc
_cBK
999 _c2625
_d2625